| 000 | 00970nam a2200181Ia 4500 | ||
|---|---|---|---|
| 008 | 090124s9999 xx 000 0 und d | ||
| 082 | _b23424 | ||
| 100 | _aखुपेरकर बाळाचार्य माधवाचार्य | ||
| 245 | _a श्राज्ञानेश्वर वाङ्मयाचा सांगोपांग अभ्यास | ||
| 250 | _a1 | ||
| 260 |
_bपुणे विद्यापीठ प्रकाशन _c1963 |
||
| 300 | _a109 | ||
| 600 | _aखुपेरकर बाळाचार्य माधवाचार्य | ||
| 630 | _a श्राज्ञानेश्वर वाङ्मयाचा सांगोपांग अभ्यास | ||
| 700 | _aखुपेरकर बाळाचार्य माधवाचार्य | ||
| 730 | _a श्राज्ञानेश्वर वाङ्मयाचा सांगोपांग अभ्यास | ||
| 942 | _cBOOK | ||
| 999 |
_c92333 _d92333 |
||